00763nam a2200241Ia 4500003000400000005001700004008004100021020001800062040001800080041000800098082002100106100002000127245008500147250001200232260005600244300002500300650002600325650004400351650004500395650004100440650002100481700001900502OSt20220204174528.0210716s2011 xx 000 0 und d a9788125952053 cAIMIT LIBRARY aeng a001.42 21bCHAD aChawla, Deepak. aResearch Methodology: bConcepts and Cases /cby Deepak Chawla and Neena Sondhi. a1st ed. aNew Delhi:bVikas Publishing House Pvt Ltd,c2011. axxi,670p. ; 26.5 cm. aResearch Methodology. aDevelopment of the Research hypotheses. aQuantitative Methods of Data Collection. aCorrelation and Regression Analysis. aData Processing. aSondhi, Neena.